Những kỹ năng dành cho cuộc sống = People skills for life easy peasey
Những bí quyết để trở thành người có sức thu hút, học cách tạo ra nét riêng trong kỹ năng tác động, xác lập quan hệ tốt đẹp với người khách, kĩ năng cần thiết giúp thành công trong giao tiếp và kinh doanh...
Saved in:
| Main Author: | |
|---|---|
| Format: | Book |
| Language: | Undetermined |
| Published: |
Thành phố Hồ Chí Minh
Tổng hợp Thành phố Hồ Chí Minh
2010
|
| Subjects: | |
| Tags: |
Add Tag
No Tags, Be the first to tag this record!
|
| Institutions: | Trung tâm Học liệu Trường Đại học Cần Thơ |
|---|
| LEADER | 00980nam a2200217Ia 4500 | ||
|---|---|---|---|
| 001 | CTU_158584 | ||
| 008 | 210402s9999 xx 000 0 und d | ||
| 020 | |c 54000 | ||
| 082 | |a 153.6 | ||
| 082 | |b P363 | ||
| 100 | |a Pease, Allan | ||
| 245 | 0 | |a Những kỹ năng dành cho cuộc sống = | |
| 245 | 0 | |b People skills for life easy peasey | |
| 245 | 0 | |c Allan, Barbara Pease ; Lê Huy Lâm dịch | |
| 260 | |a Thành phố Hồ Chí Minh | ||
| 260 | |b Tổng hợp Thành phố Hồ Chí Minh | ||
| 260 | |c 2010 | ||
| 520 | |a Những bí quyết để trở thành người có sức thu hút, học cách tạo ra nét riêng trong kỹ năng tác động, xác lập quan hệ tốt đẹp với người khách, kĩ năng cần thiết giúp thành công trong giao tiếp và kinh doanh | ||
| 650 | |a Skills for life | ||
| 904 | |i Lan | ||
| 980 | |a Trung tâm Học liệu Trường Đại học Cần Thơ | ||